Rabindranath Tagore / (Record no. 129124)

MARC details
000 -LEADER
fixed length control field 00877nam a22002657a 4500
003 - CONTROL NUMBER IDENTIFIER
control field dpl
005 - DATE AND TIME OF LATEST TRANSACTION
control field 20180529140118.0
008 - FIXED-LENGTH DATA ELEMENTS--GENERAL INFORMATION
fixed length control field 180529b xxu||||| |||| 00| 0 eng d
010 ## - LIBRARY OF CONGRESS CONTROL NUMBER
LC control number A-292758
020 ## - INTERNATIONAL STANDARD BOOK NUMBER
Terms of availability 20.00
035 ## - SYSTEM CONTROL NUMBER
System control number A-292758, A-292762
037 ## - SOURCE OF ACQUISITION
Source of stock number/acquisition Cen Lib/Ret
040 ## - CATALOGING SOURCE
Original cataloging agency DPL
Language of cataloging EN
Transcribing agency 0
082 ## - DEWEY DECIMAL CLASSIFICATION NUMBER
Classification number 880.8
Item number GHO
100 ## - MAIN ENTRY--PERSONAL NAME
Personal name Ghose, Sisirkumar
9 (RLIN) 25481
245 ## - TITLE STATEMENT
Title Rabindranath Tagore /
Statement of responsibility, etc by Sisirkumar Ghose
260 ## - PUBLICATION, DISTRIBUTION, ETC. (IMPRINT)
Place of publication, distribution, etc New Delhi
Name of publisher, distributor, etc Sahitya Akadem
Date of publication, distribution, etc 1986
270 ## - ADDRESS
City New Delhi
Address Rabindra Bhawan, 35, ferozshah Road
Postal code 110001
300 ## - PHYSICAL DESCRIPTION
Extent 131p.
Dimensions 21cm(Hb)
490 ## - SERIES STATEMENT
Series statement Makers of Indian literature
500 ## - GENERAL NOTE
General note Includes bibliographical references<br/>
650 ## - SUBJECT ADDED ENTRY--TOPICAL TERM
Topical term or geographic name as entry element Tagore, Rabindranath, -- 1861-1941 -- Criticism and interpretation
9 (RLIN) 25482
650 ## - SUBJECT ADDED ENTRY--TOPICAL TERM
Topical term or geographic name as entry element Tagore, Rabindranath, -- 1861-1941
9 (RLIN) 25483
942 ## - ADDED ENTRY ELEMENTS (KOHA)
Source of classification or shelving scheme Dewey Decimal Classification
Koha item type English Books
Classification part 880.8
Call number suffix GHO
Holdings
Withdrawn status Lost status Damaged status Not for loan Home library Current library Date acquired Source of acquisition Cost, normal purchase price Total Checkouts Full call number Barcode Date last seen Copy number Cost, replacement price Price effective from Koha item type Public note Source of classification or shelving scheme Collection code
Written off       Central Library Central Library 04/07/2015 Cen Lib/Ret 20.00   880.8 GHO A-292758 04/07/2015 1 20.00 04/07/2015 English Books W/d List No. 8134/1; dtd 20.2.2017    
        Central Library Central Library 04/07/2015 Cen Lib/Ret 20.00   881.092 GHO A-455838 04/07/2015 1 20.00 04/07/2015 English Books      
        Central Library Central Library 06/10/2016       880.8 GHO A-710337 06/10/2016 2   06/10/2016 English Books   Dewey Decimal Classification  
        Shahdara Branch Shahdara Branch 29/05/2018 BPPD/PUB 20.00   880.8 GHO A-292762 29/05/2018   20.00 29/05/2018 English Books   Dewey Decimal Classification Non-fiction

© Delhi Public Library
Hit Counter
free hit counter